000 00561nam a2200217 a 4500
999 _c1865
_d1865
001 1865
003 BD-JhCC
005 20220512134022.0
008 171025s2008 bg |||| |||| 000 0 eng d
020 _a9789845060073
035 _a(BD-JhCC)1865
040 _aBD-JhCC
_dBD-JhCC
041 _aeng
082 _a320.4592
_bRAH 2008
100 _aRahman, Masihur
245 _aDemocracy in Crisis /
_cMasihur Rahman
260 _aDhaka :
_bThe University Press Ltd ;
_c2008
300 _a254 p. ;
_c22 cm
650 _aDemocracy
_zBangladesh
942 _2ddc
_cBK
_01